000 00895nam a22002297a 4500
005 20240530110957.0
008 160210s2013 su ad g 000 0 ara d
017 _a1431/9975
_bالسعودية . مكتبة الملك فهد الوطنية
020 _a9786038005767
040 _aEG-CaGPL
082 0 4 _221
_a370.113\
_bن ت
100 0 _aنيللى السيد عاشور .
245 1 2 _aالتدريب عن بعد :
_bرؤية مستقبلية للتدريب المنظومى المعاصر /
_cنيللى السيد عاشور .
250 _aط1.
260 _aالرياض :
_bدار الزهراء ،
_c2013 .
300 _a302 ص :
_bايض ؛
_c24 سم .
650 0 4 _aالتدريب المهنى
_zمصر .
650 0 4 _aالتعليم عن بعد .
650 0 4 _aالتعليم المهنى
_zمصر .
942 _2ddc
_cBK
999 _c67112
_d67112